[Event "DEM U10/U10w 2014"]
[Site "Magdeburg GER"]
[Date "2014.06.09"]
[Round "4"]
[White "Hundrieser, Malte"]
[Black "Weihrauch, Jakob"]
[Result "1-0"]
[Termination "normal"]
[Board "16"]
[WhiteElo "1429"]
[BlackElo "1220"]
[PlyCount "121"]
[WhiteFideId "12997153"]
[BlackFideId "16210115"]
[EventCountry "GER"]
[EventRounds "11"]
[EventType "swiss"]
[EventDate "2014.06.07"]

1. e4 c5 2. Nf3 d6 3. d4 cxd4 4. Nxd4 Nf6 5. Nc3 g6 6. Be3 Bg7 7. Bc4 O-O 8. f3
Nc6 9. Qd2 Bd7 10. O-O-O Rc8 11. Bb3 Ne5 12. Kb1 Re8 13. h4 h5 14. Nd5 Nxd5 15.
Bxd5 Nc4 16. Bxc4 Rxc4 17. Nb3 Qc7 18. Bd4 Bxd4 19. Nxd4 Rc8 20. Rc1 a5 21. g4
Qb6 22. Ne2 Ba4 23. b3 R4c5 24. gxh5 Rxh5 25. Nf4 Rb5 26. Nd5 Qd8 27. Nc3 Rxc3
28. Qxc3 Rc5 29. Qd4 Bd7 30. h5 e5 31. Qg1 Qf6 32. hxg6 Qxg6 33. Qxc5 dxc5 34.
Rhg1 Kg7 35. Rxg6+ Kxg6 36. Rd1 Bc6 37. Rd6+ f6 38. Kc1 Kf7 39. Rd8 a4 40. bxa4
Bxa4 41. Rd5 c4 42. Rc5 b5 43. Rc7+ Ke6 44. Ra7 Kd6 45. Ra6+ Ke7 46. Kb2 Kf7
47. Kc3 Ke7 48. Rxa4 bxa4 49. Kxc4 Kd6 50. Kb4 a3 51. Kxa3 Kc5 52. Kb3 Kd4 53.
a4 Ke3 54. a5 Kxf3 55. a6 Kxe4 56. a7 f5 57. a8=Q+ Ke3 58. c4 f4 59. Qg2 f3 60.
Qf1 f2 61. c5 1-0

[Event "DEM U10/U10w 2014"]
[Site "Magdeburg GER"]
[Date "2014.06.09"]
[Round "4"]
[White "Bardorz, Jana"]
[Black "Evering, Sören"]
[Result "0-1"]
[Termination "normal"]
[Board "17"]
[WhiteElo "1175"]
[BlackElo "1424"]
[PlyCount "32"]
[WhiteFideId "16208897"]
[BlackFideId "12974650"]
[EventCountry "GER"]
[EventRounds "11"]
[EventType "swiss"]
[EventDate "2014.06.07"]

1. e4 e5 2. Nf3 Nc6 3. d4 exd4 4. Nxd4 Nf6 5. Nxc6 bxc6 6. Nc3 Bb4 7. Bd3 O-O
8. Bg5 h6 9. Bh4 Re8 10. O-O d6 11. Re1 Qe7 12. f4 Bc5+ 13. Kf1 Qd8 14. e5 dxe5
15. fxe5 Qd4 16. exf6 Qg1# 0-1

[Event "DEM U10/U10w 2014"]
[Site "Magdeburg GER"]
[Date "2014.06.09"]
[Round "4"]
[White "Stockmann, Till"]
[Black "Lohr, Maximilian"]
[Result "0-1"]
[Termination "normal"]
[Board "18"]
[WhiteElo "1162"]
[BlackElo "1420"]
[PlyCount "66"]
[WhiteFideId "12979341"]
[BlackFideId "12999717"]
[EventCountry "GER"]
[EventRounds "11"]
[EventType "swiss"]
[EventDate "2014.06.07"]

1. e4 d5 2. exd5 Qxd5 3. Nc3 Qa5 4. d4 c6 5. Bd2 Qc7 6. Bc4 Nf6 7. Nf3 Bf5 8.
Bb3 e6 9. Qe2 Bd6 10. O-O-O Nbd7 11. Kb1 O-O-O 12. Be3 Nd5 13. Qd2 h6 14. Rhe1
Rhe8 15. Rc1 N7f6 16. Qe2 Nxc3+ 17. bxc3 Nd5 18. Qd2 Ba3 19. Rcd1 Qa5 20. Ne5
Qxc3 21. Qxc3 Nxc3+ 22. Ka1 Nxd1 23. Rxd1 f6 24. Nc4 Bb4 25. Kb1 e5 26. Kc1
exd4 27. Bxd4 c5 28. Be3 Rxd1+ 29. Kxd1 Rd8+ 30. Kc1 b5 31. Nb2 c4 32. Bxc4
bxc4 33. Nxc4 Be6 0-1

[Event "DEM U10/U10w 2014"]
[Site "Magdeburg GER"]
[Date "2014.06.09"]
[Round "4"]
[White "Kirchner, Markus"]
[Black "Gericke, Luis"]
[Result "1-0"]
[Termination "normal"]
[Board "19"]
[WhiteElo "1409"]
[BlackElo "1161"]
[PlyCount "109"]
[WhiteFideId "12979163"]
[BlackFideId "16212525"]
[EventCountry "GER"]
[EventRounds "11"]
[EventType "swiss"]
[EventDate "2014.06.07"]

1. e4 e5 2. Nf3 Nc6 3. Bc4 Bc5 4. c3 Nf6 5. d4 exd4 6. e5 d5 7. Be2 Ne4 8. cxd4
Bb4+ 9. Bd2 Bxd2+ 10. Nbxd2 Nxd2 11. Qxd2 Bf5 12. O-O O-O 13. Rac1 a6 14. Rfd1
Re8 15. Rc5 Qd7 16. Rdc1 Rac8 17. Rd1 b6 18. Rc3 Ra8 19. Rdc1 Re6 20. Qf4 Bg6
21. Ng5 Nd8 22. Nxe6 Nxe6 23. Qe3 Qa4 24. Bg4 Qxd4 25. Bxe6 Qxe3 26. Bxf7+ Bxf7
27. Rxe3 c5 28. Rb3 Re8 29. f4 Rb8 30. Rxc5 d4 31. Rb4 Rd8 32. Rc2 Bg6 33. Rd2
d3 34. Rxb6 Rc8 35. Kf2 Rc2 36. Ke3 Kf7 37. g4 Ke7 38. f5 Be8 39. Kxd3 Rxd2+
40. Kxd2 g6 41. f6+ Kf7 42. Rb7+ Ke6 43. Re7+ Kd5 44. Rxe8 h5 45. gxh5 gxh5 46.
f7 h4 47. f8=Q h3 48. Qd6+ Ke4 49. Qd3+ Kf4 50. Rf8+ Kxe5 51. Re8+ Kf4 52. Ke2
a5 53. Qf3+ Kg5 54. Rg8+ Kh4 55. Qg4# 1-0

[Event "DEM U10/U10w 2014"]
[Site "Magdeburg GER"]
[Date "2014.06.09"]
[Round "4"]
[White "Zeuner, Ole"]
[Black "Pauls, Fynn"]
[Result "0-1"]
[Termination "normal"]
[Board "20"]
[WhiteElo "1154"]
[BlackElo "1382"]
[PlyCount "162"]
[WhiteFideId "12943576"]
[BlackFideId "16213149"]
[EventCountry "GER"]
[EventRounds "11"]
[EventType "swiss"]
[EventDate "2014.06.07"]

1. e4 e5 2. Nf3 Nc6 3. d4 exd4 4. Nxd4 Bc5 5. Nb3 Bb6 6. Nc3 d6 7. Qe2 Nf6 8.
Bg5 Be6 9. O-O-O Qe7 10. Qf3 h6 11. Bh4 g5 12. Bg3 Bg4 13. Qd3 Bxd1 14. Kxd1
O-O-O 15. Kc1 Rde8 16. f3 Nh5 17. Be1 Nf4 18. Qd1 Rhf8 19. g3 Ne6 20. Nd5 Qd8
21. Bc3 f6 22. Bd3 Ne5 23. Be2 c6 24. Nb4 Be3+ 25. Kb1 Qd7 26. Nd3 Rd8 27. Rf1
Kb8 28. f4 gxf4 29. gxf4 Nxd3 30. Qxd3 Bxf4 31. Bg4 Be5 32. Nd4 Bxd4 33. Bxd4
Qe7 34. Bc3 Nc5 35. Qe2 Qxe4 36. Bxf6 Qxe2 37. Bxe2 Rd7 38. Bd4 Rxf1+ 39. Bxf1
Re7 40. Bc3 Na4 41. Bd2 h5 42. b3 Nc5 43. Kb2 Rf7 44. Bh3 Rf2 45. Bg5 Rxh2 46.
Be7 Rxh3 47. Bxd6+ Kc8 48. Bxc5 b6 49. Bd4 Rf3 50. Kc1 Kd7 51. Kd2 Ke6 52. Ke2
Rh3 53. c3 Rh2+ 54. Bf2 Kf5 55. a4 Ke4 56. Ke1 Rxf2 57. Kxf2 Kd3 58. Kg3 Kxc3
59. Kh4 Kxb3 60. Kxh5 Kxa4 61. Kg4 b5 62. Kf3 Kb3 63. Ke2 Kc2 64. Ke3 b4 65.
Kd4 b3 66. Kc5 b2 67. Kxc6 b1=Q 68. Kd5 Qe1 69. Kd4 Qe2 70. Kd5 Qe3 71. Kc4
Qe4+ 72. Kc5 Qd3 73. Kc6 Qd4 74. Kb5 Qc3 75. Ka6 Qb4 76. Kxa7 Qb5 77. Ka8 Kc3
78. Ka7 Kc4 79. Ka8 Kc5 80. Ka7 Kc6 81. Ka8 Qb7# 0-1

[Event "DEM U10/U10w 2014"]
[Site "Magdeburg GER"]
[Date "2014.06.09"]
[Round "4"]
[White "Memtimin, Esma"]
[Black "Yi, Danny"]
[Result "0-1"]
[Termination "normal"]
[Board "21"]
[WhiteElo "1002"]
[BlackElo "1369"]
[PlyCount "72"]
[WhiteFideId "12993514"]
[BlackFideId "12988588"]
[EventCountry "GER"]
[EventRounds "11"]
[EventType "swiss"]
[EventDate "2014.06.07"]

1. d4 d5 2. c4 e6 3. Nc3 Nf6 4. a3 c6 5. Bf4 Nbd7 6. Nf3 Be7 7. e3 O-O 8. c5
Re8 9. Bd3 Nf8 10. O-O Ng6 11. Bg5 Ng4 12. Bxe7 Qxe7 13. Bxg6 fxg6 14. h3 Nf6
15. Qd2 Rf8 16. Rfe1 Nd7 17. Re2 Qf6 18. e4 b6 19. b4 Ba6 20. Re3 bxc5 21. bxc5
Rab8 22. Ra2 Bc4 23. Rb2 Rxb2 24. Qxb2 Rb8 25. e5 Qf5 26. Qd2 Rb3 27. Nh4 Qf4
28. g3 Qg5 29. f4 Qd8 30. Nd1 Qb8 31. Qc2 Qb5 32. Nc3 Qb7 33. Nf3 Rxa3 34. Nd1
Qb4 35. Nd2 Ra2 36. Qb1 Qxd2 0-1

[Event "DEM U10/U10w 2014"]
[Site "Magdeburg GER"]
[Date "2014.06.09"]
[Round "4"]
[White "Marschall, Tillmann"]
[Black "Rudolph, Eva"]
[Result "1-0"]
[Termination "normal"]
[Board "22"]
[WhiteElo "1423"]
[BlackElo "1129"]
[PlyCount "115"]
[WhiteFideId "12973220"]
[BlackFideId "16200594"]
[EventCountry "GER"]
[EventRounds "11"]
[EventType "swiss"]
[EventDate "2014.06.07"]

1. e4 e5 2. Nf3 d6 3. Bc4 Be7 4. Nc3 Nf6 5. d3 O-O 6. h3 c6 7. Bg5 a5 8. a3 Re8
9. Ba2 Be6 10. Qd2 b5 11. Bxe6 fxe6 12. O-O Nbd7 13. Rfe1 Qb6 14. Be3 Qc7 15.
Ne2 Nh5 16. c3 c5 17. Rec1 Rac8 18. Rc2 d5 19. exd5 exd5 20. Rd1 Qd6 21. Rdc1
Rf8 22. Bg5 Rce8 23. b4 axb4 24. axb4 c4 25. dxc4 bxc4 26. Rd1 e4 27. Bxe7 Rxe7
28. Nh2 Nb6 29. Qe3 Ref7 30. Ng4 Nd7 31. Rcd2 Nb6 32. Nd4 Nf6 33. Nf5 Nxg4 34.
hxg4 Qg6 35. Qf4 h5 36. f3 exf3 37. gxf3 hxg4 38. fxg4 Rxf5 39. Qg3 Rf3 40. Qg2
Rxc3 41. Re2 Rb3 42. Rde1 Qd3 43. Re3 Qd4 44. Qh3 Rxb4 45. Kg2 Rb2+ 46. Kh1 Na4
47. g5 Qb6 48. Re6 Qb3 49. Qxb3 Rxb3 50. g6 c3 51. Rc6 Rd8 52. Rc7 Kf8 53. Ree7
Rb1+ 54. Kg2 Rb2+ 55. Kf3 Rh2 56. Rxg7 c2 57. Rcf7+ Ke8 58. Rg8# 1-0

[Event "DEM U10/U10w 2014"]
[Site "Magdeburg GER"]
[Date "2014.06.09"]
[Round "4"]
[White "Musiolik, David"]
[Black "Schmidtmann, Samantha"]
[Result "1-0"]
[Termination "normal"]
[Board "23"]
[WhiteElo "1435"]
[BlackElo "1403"]
[PlyCount "81"]
[WhiteFideId "12972355"]
[BlackFideId "12956759"]
[EventCountry "GER"]
[EventRounds "11"]
[EventType "swiss"]
[EventDate "2014.06.07"]

1. d4 Nf6 2. Nf3 g6 3. e3 Bg7 4. Bd3 O-O 5. Bd2 d6 6. O-O Bg4 7. h3 Bd7 8. Qe2
Nc6 9. c4 e6 10. a3 a5 11. Nc3 d5 12. Rab1 a4 13. Bc2 Ne7 14. Ne5 Be8 15. c5
Nh5 16. Nf3 f5 17. Rfc1 Nf6 18. Qd1 Ne4 19. Nxa4 Nxd2 20. Nxd2 Nc6 21. Nc3 Bd7
22. Ra1 Qe7 23. Rcb1 f4 24. Qe2 fxe3 25. fxe3 Qf7 26. Rf1 Qe7 27. Qd3 Rxf1+ 28.
Rxf1 Rf8 29. Nb3 Rxf1+ 30. Qxf1 Qg5 31. Qf3 h6 32. Kf2 Qh4+ 33. Ke2 Qg5 34. Nb5
Ne5 35. dxe5 Bxb5+ 36. Bd3 Bxd3+ 37. Kxd3 Qxe5 38. Nd4 Qg5 39. Nxe6 Qe7 40.
Nxg7 Kxg7 41. Qxd5 1-0

[Event "DEM U10/U10w 2014"]
[Site "Magdeburg GER"]
[Date "2014.06.09"]
[Round "4"]
[White "Pahl, Theis"]
[Black "Doan, Lam Phuc"]
[Result "0-1"]
[Termination "normal"]
[Board "25"]
[WhiteElo "1311"]
[BlackElo "1145"]
[PlyCount "122"]
[WhiteFideId "16201264"]
[EventCountry "GER"]
[EventRounds "11"]
[EventType "swiss"]
[EventDate "2014.06.07"]

1. e4 c5 2. Nf3 g6 3. d4 Bg7 4. c3 Nf6 5. Nbd2 Nc6 6. d5 Nb8 7. Bd3 d6 8. Qb3
a6 9. a4 Nbd7 10. a5 O-O 11. O-O Ne5 12. Nxe5 dxe5 13. Qa3 Qc7 14. b4 cxb4 15.
cxb4 e6 16. dxe6 Bxe6 17. Bb2 Rfd8 18. Nf3 Ne8 19. Rac1 Qd6 20. Rfd1 Bg4 21.
Be2 Qe6 22. h3 Bxf3 23. Qxf3 Qf6 24. Rxd8 Rxd8 25. Kf1 Qxf3 26. Bxf3 Nd6 27.
Ke2 Nb5 28. Ke1 f6 29. Rd1 Rxd1+ 30. Bxd1 Bf8 31. Bb3+ Kg7 32. Kd1 Bxb4 33. Kc2
Bxa5 34. Kd3 g5 35. Bc4 Kf8 36. Bxb5 axb5 37. f3 Ke7 38. Bc3 Bxc3 39. Kxc3 Kd6
40. Kb4 Kc6 41. g3 h5 42. h4 gxh4 43. gxh4 b6 44. Kb3 Kc5 45. Kc3 b4+ 46. Kd3
b5 47. Kd2 Kd4 48. Ke2 b3 49. Kd2 b4 50. Kc1 Kc3 51. Kb1 b2 52. f4 exf4 53. e5
fxe5 54. Ka2 b3+ 55. Kb1 Kd2 56. Kxb2 f3 57. Kxb3 f2 58. Kc4 f1=Q+ 59. Kd5 Qf4
60. Kc5 Kc3 61. Kd6 e4+ 0-1

[Event "DEM U10/U10w 2014"]
[Site "Magdeburg GER"]
[Date "2014.06.09"]
[Round "4"]
[White "Meinschien, Finn"]
[Black "Pflugradt, Natalie"]
[Result "1-0"]
[Termination "normal"]
[Board "26"]
[WhiteElo "1300"]
[BlackElo "1127"]
[PlyCount "93"]
[WhiteFideId "12989665"]
[BlackFideId "16212444"]
[EventCountry "GER"]
[EventRounds "11"]
[EventType "swiss"]
[EventDate "2014.06.07"]

1. e4 c5 2. Nf3 d6 3. Nc3 Nf6 4. Bb5+ Bd7 5. Bxd7+ Qxd7 6. d3 Nc6 7. O-O e6 8.
Bg5 Be7 9. Re1 Qc7 10. Qd2 O-O 11. Rad1 h6 12. Bf4 e5 13. Bg3 Rad8 14. Qc1 Rfe8
15. a3 Nh5 16. Nd5 Qd7 17. Nxe7+ Nxe7 18. c3 Nxg3 19. fxg3 Qc7 20. d4 cxd4 21.
cxd4 Qxc1 22. Rxc1 exd4 23. Nxd4 Rc8 24. Kf2 Rc5 25. b4 Rxc1 26. Rxc1 d5 27.
Rc7 dxe4 28. Rxb7 f5 29. Rxa7 e3+ 30. Ke2 Nd5 31. Ke1 f4 32. Ne2 fxg3 33. hxg3
g5 34. b5 h5 35. a4 Rb8 36. Ra6 Kf7 37. Rh6 Ra8 38. Ra6 Rxa6 39. bxa6 Nc7 40.
a7 Ke6 41. Nd4+ Kd7 42. Nb5 Na8 43. Ke2 Nb6 44. Kxe3 Kc8 45. Ke4 Kb7 46. Kf5
Nxa4 47. Kxg5 1-0

[Event "DEM U10/U10w 2014"]
[Site "Magdeburg GER"]
[Date "2014.06.09"]
[Round "4"]
[White "Schnabel, Luise"]
[Black "Diderle, Konstantin"]
[Result "1-0"]
[Termination "normal"]
[Board "27"]
[WhiteElo "1369"]
[BlackElo "1103"]
[PlyCount "137"]
[WhiteFideId "12943347"]
[BlackFideId "12965197"]
[EventCountry "GER"]
[EventRounds "11"]
[EventType "swiss"]
[EventDate "2014.06.07"]

1. e4 c5 2. Nf3 Nc6 3. d4 cxd4 4. Nxd4 g6 5. Nc3 Bg7 6. Be3 Nf6 7. Be2 d6 8.
O-O O-O 9. f3 a6 10. a3 Qc7 11. Bc4 b5 12. Bd5 Nxd5 13. Nxd5 Qb7 14. Nxc6 e6
15. Nde7+ Kh8 16. Qxd6 Re8 17. Nxc8 Raxc8 18. Na5 Qc7 19. Qxc7 Rxc7 20. c3 Rd7
21. Rad1 Red8 22. Rxd7 Rxd7 23. Rf2 h6 24. Rd2 Rxd2 25. Bxd2 g5 26. Nb7 Be5 27.
Nd8 Kg7 28. Nc6 Bd6 29. Be3 Bc7 30. Bd4+ Kg6 31. g3 e5 32. Nxe5+ Kf6 33. Nd7+
Ke7 34. Nc5 a5 35. b4 a4 36. e5 Bb8 37. Na6 Bxe5 38. Bxe5 f6 39. Bd4 Ke6 40.
Nc7+ Kf5 41. Nxb5 Ke6 42. c4 f5 43. Be3 Kd7 44. f4 g4 45. Kg2 Kc6 46. h3 h5 47.
hxg4 hxg4 48. Nc3 Kb7 49. c5 Kc6 50. b5+ Kb7 51. c6+ Kc7 52. Nxa4 Kb8 53. Nc5
Kc8 54. b6 Kb8 55. Bd4 Kc8 56. b7+ Kc7 57. Be5+ Kxc6 58. b8=Q Kxc5 59. a4 Kc6
60. Qc7+ Kd5 61. Qd6+ Kc4 62. a5 Kb5 63. a6 Kc4 64. a7 Kb5 65. a8=R Kc4 66.
Rc8+ Kb5 67. Qb8+ Ka5 68. Rc1 Ka4 69. Ra1# 1-0

[Event "DEM U10/U10w 2014"]
[Site "Magdeburg GER"]
[Date "2014.06.09"]
[Round "4"]
[White "Kurzweil, Nalani"]
[Black "Bergauz, Igal"]
[Result "0-1"]
[Termination "normal"]
[Board "28"]
[WhiteElo "1194"]
[BlackElo "1783"]
[PlyCount "66"]
[WhiteFideId "12985694"]
[BlackFideId "12977284"]
[EventCountry "GER"]
[EventRounds "11"]
[EventType "swiss"]
[EventDate "2014.06.07"]

1. d4 d5 2. Nf3 Nf6 3. Bf4 Bg4 4. h3 Bxf3 5. exf3 e6 6. Bd3 c5 7. c3 Nc6 8. Be5
Nd7 9. Bg3 Be7 10. O-O O-O 11. Re1 Rc8 12. a3 Qb6 13. Qd2 cxd4 14. cxd4 Nxd4
15. Qd1 Nb3 16. Ra2 Rc1 17. Qe2 Rxe1+ 18. Qxe1 Rc8 19. Kh2 Nc1 20. Ra1 Nxd3 21.
Qe3 Qxb2 22. Qxd3 Qxa1 23. Bf4 Qf6 24. Bg3 Ne5 25. Bxe5 Qxe5+ 26. g3 Rc1 27.
Nd2 Qe1 28. Nf1 Qxf2+ 29. Kh1 Rxf1+ 30. Qxf1 Qxf1+ 31. Kh2 Qf2+ 32. Kh1 Bc5 33.
g4 Qg1# 0-1

[Event "DEM U10/U10w 2014"]
[Site "Magdeburg GER"]
[Date "2014.06.09"]
[Round "4"]
[White "Basovskiy, Jana"]
[Black "Nguyen, Alex Dac-Vuong"]
[Result "0-1"]
[Termination "normal"]
[Board "29"]
[WhiteElo "1157"]
[BlackElo "1812"]
[PlyCount "70"]
[WhiteFideId "16208617"]
[BlackFideId "12984388"]
[EventCountry "GER"]
[EventRounds "11"]
[EventType "swiss"]
[EventDate "2014.06.07"]

1. e4 e6 2. d4 d5 3. exd5 exd5 4. Bd3 Bd6 5. Ne2 Ne7 6. O-O O-O 7. Re1 Nd7 8.
Nbc3 c6 9. Ng3 Nb6 10. Qh5 Ng6 11. f4 Nd7 12. f5 Nf6 13. Qf3 Ne7 14. Bg5 Bxg3
15. hxg3 Qd6 16. Re3 h6 17. Bf4 Qb4 18. Rb1 Nxf5 19. Bxf5 Bxf5 20. Qd1 Rfe8 21.
Rxe8+ Rxe8 22. Bd2 Qxd4+ 23. Kh1 Qg4 24. Qxg4 Nxg4 25. Rc1 b5 26. Kg1 d4 27.
Nb1 Re2 28. Kf1 Rf2+ 29. Kg1 Be4 30. c3 Rxg2+ 31. Kf1 Nh2+ 32. Ke1 Nf3+ 33. Kd1
d3 34. a3 Rg1+ 35. Be1 Rxe1# 0-1

[Event "DEM U10/U10w 2014"]
[Site "Magdeburg GER"]
[Date "2014.06.09"]
[Round "4"]
[White "Hassemeier, Mika"]
[Black "Neumann, Konstantina"]
[Result "1-0"]
[Termination "normal"]
[Board "30"]
[WhiteElo "1409"]
[BlackElo "1183"]
[PlyCount "45"]
[WhiteFideId "12994880"]
[BlackFideId "16200543"]
[EventCountry "GER"]
[EventRounds "11"]
[EventType "swiss"]
[EventDate "2014.06.07"]

1. c4 e6 2. Nc3 d5 3. d4 Nc6 4. Nf3 Bd7 5. cxd5 exd5 6. Nxd5 Bg4 7. Nc3 Bxf3 8.
exf3 Nxd4 9. Be3 Bc5 10. Qa4+ c6 11. Ne4 Bb6 12. Rd1 Ba5+ 13. b4 Bxb4+ 14. Bd2
b5 15. Qa6 Nf6 16. Bxb4 Nc2+ 17. Ke2 Nd5 18. Qxc6+ Qd7 19. Qxa8+ Qd8 20. Qxd8+
Kxd8 21. Rxd5+ Ke8 22. Nd6+ Ke7 23. Nxb5+ 1-0

[Event "DEM U10/U10w 2014"]
[Site "Magdeburg GER"]
[Date "2014.06.09"]
[Round "4"]
[White "Pantsernaya, Sofya"]
[Black "Mirschel, Thaddeus"]
[Result "1-0"]
[Termination "normal"]
[Board "31"]
[WhiteElo "1320"]
[BlackElo "1094"]
[PlyCount "69"]
[WhiteFideId "12993182"]
[BlackFideId "16277570"]
[EventCountry "GER"]
[EventRounds "11"]
[EventType "swiss"]
[EventDate "2014.06.07"]

1. e4 e5 2. Nf3 Nc6 3. Bc4 Bc5 4. c3 Nf6 5. d4 exd4 6. cxd4 Bb4+ 7. Nc3 Nxe4 8.
O-O O-O 9. Nxe4 d5 10. Nc3 Bxc3 11. bxc3 dxc4 12. Qe2 Be6 13. Bg5 Qd7 14. Rad1
Rfe8 15. Rd2 Bd5 16. Qd1 Bxf3 17. Qxf3 Qe6 18. Rdd1 h6 19. Be3 Rad8 20. d5 Qg6
21. dxc6 bxc6 22. h3 Rd6 23. Rxd6 Qxd6 24. Rd1 Qa3 25. Qxc6 Re7 26. Qxc4 Qa5
27. Rd8+ Kh7 28. Qd3+ g6 29. Qd4 Qe5 30. Qh4 h5 31. Bd4 Qe1+ 32. Kh2 Re8 33.
Qf6 Kh6 34. Be3+ Rxe3 35. Rh8# 1-0

[Event "DEM U10/U10w 2014"]
[Site "Magdeburg GER"]
[Date "2014.06.09"]
[Round "4"]
[White "Sinnhöfer, Lilian"]
[Black "Taras, Simon"]
[Result "0-1"]
[Termination "normal"]
[Board "32"]
[WhiteElo "1128"]
[BlackElo "1319"]
[PlyCount "88"]
[WhiteFideId "12977586"]
[BlackFideId "12970972"]
[EventCountry "GER"]
[EventRounds "11"]
[EventType "swiss"]
[EventDate "2014.06.07"]

1. e4 e6 2. Nc3 d5 3. exd5 exd5 4. d4 Bb4 5. Bd2 Nc6 6. Nf3 Bg4 7. h3 Bh5 8.
Bb5 Nge7 9. a3 Bd6 10. Qe2 a6 11. Bxc6+ bxc6 12. Qe3 f6 13. Nh4 Qd7 14. Ne2 g5
15. Nf3 Rb8 16. Ng3 Bg6 17. Bc3 h5 18. Rc1 Bf4 19. Qe2 Bxc1 20. O-O Bxb2 21.
Bxb2 h4 22. Nh1 Rxb2 23. Re1 Rxc2 24. Qxa6 O-O 25. Qa4 Rc4 26. Qd1 Bh5 27. Qd3
Qf5 28. Qe3 Re8 29. Qb3 Bxf3 30. gxf3 Rxd4 31. Kg2 Rd3 32. Qc2 Qxf3+ 33. Kg1
Qf5 34. Rf1 Rg3+ 35. fxg3 Qxc2 36. Rxf6 d4 37. Rf2 d3 38. Rxc2 dxc2 39. gxh4
c1=Q+ 40. Kg2 Qc3 41. hxg5 Ng6 42. Ng3 Nh4+ 43. Kh2 Qd2+ 44. Kg1 Qg2# 0-1

[Event "DEM U10/U10w 2014"]
[Site "Magdeburg GER"]
[Date "2014.06.09"]
[Round "4"]
[White "Rößl, Adam"]
[Black "Oyunbat, Oyunchimeg"]
[Result "1-0"]
[Termination "normal"]
[Board "33"]
[WhiteElo "1310"]
[BlackElo "1043"]
[PlyCount "71"]
[WhiteFideId "16246047"]
[EventCountry "GER"]
[EventRounds "11"]
[EventType "swiss"]
[EventDate "2014.06.07"]

1. e4 e5 2. Nf3 Nc6 3. Bc4 Bc5 4. c3 Nf6 5. d4 exd4 6. cxd4 Bb4+ 7. Nc3 d5 8.
exd5 Nxd5 9. Bd2 Nb6 10. Qb3 O-O 11. O-O h6 12. d5 Na5 13. Qxb4 Naxc4 14. Qc5
Nxb2 15. Ne5 Re8 16. f4 Nd7 17. Nxd7 Bxd7 18. Qd4 Rc8 19. Rab1 c5 20. dxc6 Bh3
21. Qxd8 Rexd8 22. Rxb2 Bf5 23. cxb7 Rb8 24. Na4 Rd5 25. Be3 Ra5 26. Nc3 Ra3
27. Nd5 Bd3 28. Rc1 Kh7 29. Rc8 Rxc8 30. bxc8=Q Kg6 31. Qc6+ f6 32. Qe8+ Kf5
33. g4+ Kxg4 34. h3+ Kxh3 35. Qh5+ Kg3 36. Rg2# 1-0

[Event "DEM U10/U10w 2014"]
[Site "Magdeburg GER"]
[Date "2014.06.09"]
[Round "4"]
[White "Marzisch, Darius"]
[Black "Muths, Lukas"]
[Result "1-0"]
[Termination "normal"]
[Board "34"]
[WhiteElo "1067"]
[BlackElo "1248"]
[PlyCount "57"]
[WhiteFideId "12997480"]
[BlackFideId "12953156"]
[EventCountry "GER"]
[EventRounds "11"]
[EventType "swiss"]
[EventDate "2014.06.07"]

1. e4 c5 2. Nf3 d6 3. d4 cxd4 4. Nxd4 Nf6 5. Nc3 g6 6. f3 Bg7 7. Be3 Nc6 8. Qd2
O-O 9. O-O-O Bd7 10. g4 Qa5 11. h4 h5 12. Be2 hxg4 13. fxg4 Bxg4 14. Bxg4 Nxg4
15. Nb3 Qd8 16. h5 Nxe3 17. Qxe3 gxh5 18. Rdg1 Ne5 19. Qh6 Ng6 20. Qxh5 Re8 21.
Rf1 Bf6 22. Nd5 Rc8 23. Rfg1 Bg7 24. Rf1 Bf6 25. Rfg1 Qd7 26. Nf4 Qc7 27. Rg2
Be5 28. Rxg6+ Bg7 29. Qh7+ 1-0

[Event "DEM U10/U10w 2014"]
[Site "Magdeburg GER"]
[Date "2014.06.09"]
[Round "4"]
[White "Paulsen, Niels-Martin"]
[Black "Ackermann, Richard"]
[Result "0-1"]
[Termination "normal"]
[Board "35"]
[WhiteElo "1043"]
[BlackElo "1239"]
[PlyCount "82"]
[WhiteFideId "16214994"]
[BlackFideId "12987026"]
[EventCountry "GER"]
[EventRounds "11"]
[EventType "swiss"]
[EventDate "2014.06.07"]

1. d4 d5 2. Nf3 Nc6 3. Bf4 Bf5 4. Nc3 Nf6 5. e3 e6 6. Bb5 Bd6 7. Bxd6 cxd6 8.
O-O O-O 9. Qe2 Qc7 10. Rfe1 Rfe8 11. Bd3 Bxd3 12. Qxd3 Rad8 13. Ng5 h6 14. Nf3
e5 15. e4 Nb4 16. Qd2 exd4 17. Qxd4 Nxc2 18. Qd3 Nxa1 19. exd5 Nc2 20. Qxc2
Nxd5 21. Rc1 Nxc3 22. bxc3 b5 23. Rb1 Qe7 24. h3 Qe4 25. Qxe4 Rxe4 26. Rxb5 Ra4
27. Rb2 Rc8 28. Rc2 Rac4 29. Rd2 Rxc3 30. Rxd6 Ra3 31. Rd2 Rc1+ 32. Kh2 Ra1 33.
Rd8+ Kh7 34. Ne5 R3xa2 35. f3 Rf1 36. Rd7 Rff2 37. Kh1 Rxg2 38. Rxf7 Rh2+ 39.
Kg1 Rag2+ 40. Kf1 Rf2+ 41. Ke1 Ra2 0-1

[Event "DEM U10/U10w 2014"]
[Site "Magdeburg GER"]
[Date "2014.06.09"]
[Round "4"]
[White "Delgado, Celina"]
[Black "Khamenya, Vitalia"]
[Result "0-1"]
[Termination "normal"]
[Board "36"]
[WhiteElo "1023"]
[BlackElo "1230"]
[PlyCount "62"]
[WhiteFideId "12993735"]
[BlackFideId "12959260"]
[EventCountry "GER"]
[EventRounds "11"]
[EventType "swiss"]
[EventDate "2014.06.07"]

1. e4 e5 2. Nf3 Nc6 3. Bc4 Bc5 4. O-O Nf6 5. d3 d6 6. h3 Be6 7. Bb5 O-O 8. c3
Bd7 9. Nbd2 Re8 10. Re1 Nh5 11. Nf1 f5 12. Bg5 Nf6 13. Bxc6 bxc6 14. exf5 Bxf5
15. d4 exd4 16. Nxd4 Rxe1 17. Qxe1 Bxd4 18. cxd4 Qf8 19. Ng3 Bd7 20. Ne4 Re8
21. Nxf6+ gxf6 22. Be3 Qg7 23. h4 Re4 24. g3 Rxh4 25. Kg2 c5 26. d5 Qg4 27. f3
Qh3+ 28. Kf2 Qh2+ 29. Kf1 Bb5+ 30. Qe2 Qxe2+ 31. Kg1 Qh2# 0-1

[Event "DEM U10/U10w 2014"]
[Site "Magdeburg GER"]
[Date "2014.06.09"]
[Round "4"]
[White "Wiemann, Vanessa"]
[Black "Hommer, Jeremy"]
[Result "0-1"]
[Termination "normal"]
[Board "37"]
[WhiteElo "1034"]
[BlackElo "1229"]
[PlyCount "116"]
[WhiteFideId "12942987"]
[BlackFideId "12992577"]
[EventCountry "GER"]
[EventRounds "11"]
[EventType "swiss"]
[EventDate "2014.06.07"]

1. e4 c6 2. d4 d5 3. Nc3 dxe4 4. Nxe4 Nf6 5. Nxf6+ gxf6 6. Nf3 Bg4 7. h3 Bxf3
8. gxf3 Rg8 9. Be3 e6 10. Bd3 f5 11. Qd2 Bd6 12. Bf4 Qc7 13. Bxd6 Qxd6 14. Qc3
Nd7 15. O-O-O O-O-O 16. Rd2 Nf6 17. Rhd1 Nd5 18. Qa5 Kb8 19. Qa4 Qh2 20. Bf1
Rg1 21. Qb3 Rdg8 22. Ba6 Rxd1+ 23. Rxd1 b6 24. c4 Nc7 25. Qa4 Nxa6 26. Qxa6
Qxf2 27. Qa3 Qg3 28. c5 b5 29. Rh1 Qg2 30. Rd1 Qe2 31. Rd2 Rg1+ 32. Kc2 Qe1 33.
b3 Qb1+ 34. Kc3 Rc1+ 35. Kb4 Rc4+ 36. Ka5 Qe1 37. Qb2 Rc1 38. h4 Rd1 39. Qc2
Qxd2+ 40. Qxd2 Rxd2 41. a4 bxa4 42. Kxa4 Rxd4+ 43. b4 Rxh4 44. Ka5 Rh2 45. b5
cxb5 46. Kxb5 Rc2 47. Kc6 h5 48. Kd6 h4 49. c6 h3 50. c7+ Rxc7 51. f4 h2 52.
Ke5 h1=Q 53. Kf6 Qh6+ 54. Ke5 Qg7+ 55. Kd6 e5 56. fxe5 Qg6+ 57. Kd5 Qc6+ 58.
Kd4 Qe4# 0-1